000 00650nam a2200193Ia 4500
005 20250508155710.0
008 008 250505s9999 xx 000 0 eng d
037 _aDissertations
040 _aFEDL
_beng
_cFEDL
041 _aeng
_2eng
084 _a371.1, MAL/DI
_qFEDL
100 _aMalik Man Mohan
_9767313
245 0 _aTo study the relation between the views of the teachers and the pupils about certain aspects of life and the teacher-pupil inter personal relationship
260 _c1971
300 _a68p.
546 _aM.Ed. Dissertation (Delhi University)
942 _cDIS
_h371.1, MAL/DI
999 _c1358856
_d1358856